Tilastot visalle Suomi-visa

Klikkaa tästä pelataksesi tätä visaa!

Yleistilastot

  • Tätä visaa on pelattu 11 660 kertaa
  • Keskiarvotulos 20 / 25

Vastaustilastot

HintVastaus% Oikein
PääkaupunkiHelsinki
100%
Suomen vanhin kaupunkiTurku
98%
Suomen kansalliseläinKarhu
94%
Entinen valuuttaMarkka
93%
Lähinnä yllä olevan alueella elävä alkuperäiskansaSaamelaiset
91%
Tunnettu matkapuhelimien valmistajaNokia
90%
Pohjoinen maakuntaLappi
89%
Vuosien 1939–1940 sota Neuvostoliittoa vastaanTalvisota
87%
Suurin sisämaakaupunkiTampere
87%
"Finlandian" säveltäjäJean Sibelius
86%
Perinteinen suomalainen lämmin tilaSauna
86%
Suurin järviSaimaa
85%
ItsehallintoalueAhvenanmaa
82%
"Suomen kirjakielen isä"Mikael Agricola
79%
Tunturi, jolla Suomen korkein kohta sijaitseeHalti
76%
MerenlahtiSuomenlahti
74%
Myyttinen hahmo, jonka on sanottu asuvan tuolla alueellaJoulupukki
73%
Nobelin rauhanpalkinnon saanut suomalainenMartti Ahtisaari
73%
Suuret merenlahdetPohjanlahti
70%
Henkilö, jota pidetään Suomen historian merkittävimpänä arkkitehtinaAlvar Aalto
69%
Ensimmäinen presidenttiK. J. Ståhlberg
69%
12-kertainen olympiamitalisti kestävyysjuoksussaPaavo Nurmi
63%
Pisin jokiKemijoki
61%
Linus Torvaldsin kehittämä käyttöjärjestelmäLinux
56%
Useita tunnettuja Kalevala-aiheisia maalauksia luonut taidemaalariAkseli Gallen-Kallela
51%

Tulosjakauma

Persentiili vastausten määrän mukaan

Jokaisen tuloksen saaneiden osuus

Tuloshistoriasi

Et ole pelannut tätä visaa